Zespoły kolarskie UCI 2026 - Statystyki

Ogólne statystyki
  • Ten quiz został rozwiązany 3 razy
  • Średni wynik to 9 z 18
Statystyki odpowiedzi
Kraj Zespół % Poprawnych
🇩🇪 Niemcy Red Bull-Bora-Hansgrohe
100%
🇧🇪 Belgia Soudal-Quick-Step
100%
🇦🇪 Zjednoczone Emiraty Arabskie UAE Team Emirates XRG
100%
🇳🇱 Niderlandy Visma-Lease a Bike
100%
🇰🇿 Kazachstan XDS Astana Team
100%
🇧🇭 Bahrajn Bahrain-Victorious
67%
🇺🇸 Stany Zjednoczone EF Education-EasyPost
67%
🇩🇪 Niemcy Lidl-Trek
67%
🇨🇵 Francja Decathlon CMA CGM Team
33%
🇨🇵 Francja Groupama-FDJ
33%
🇬🇧 Wielka Brytania Ineos Grenadiers
33%
🇧🇪 Belgia Lotto-Intermarché
33%
🇪🇦 Hiszpania Movistar Team
33%
🇧🇪 Belgia Alpecin-Premier Tech
0%
🇨🇭 Szwajcaria NSN Cycling Team
0%
🇦🇺 Australia Team Jayco-AlUla
0%
🇳🇱 Niderlandy Team Picnic-PostNL
0%
🇳🇴 Norwegia Uno-X Mobility
0%
Nie znaleziono quizów pasujących do podanych kryteriów
Rozkład punktacji
Procent ludzi z każdym wynikiem
Percentyl według liczby udzielonych odpowiedzi
Twoja historia wyników
Nie rozwiązałeś tego quizu